|
|
|
|
| LEADER |
02998nam a2200793 i 4500 |
| 001 |
nkc20223397410 |
| 003 |
CZ PrNK |
| 005 |
20220530095438.0 |
| 007 |
ta |
| 008 |
220221s2021 xr a e 001 0dcze |
| 015 |
|
|
|a cnb003397410
|
| 020 |
|
|
|a 978-80-7028-560-2
|q (vázáno)
|
| 035 |
|
|
|a (OCoLC)1329409242
|
| 040 |
|
|
|a BOA001
|b cze
|d ABA001
|e rda
|
| 041 |
0 |
|
|a cze
|b eng
|
| 043 |
|
|
|a sa-----
|
| 045 |
|
|
|a x9y1
|
| 072 |
|
7 |
|a 59
|x Zoologie
|2 Konspekt
|9 2
|
| 080 |
|
|
|a 910.4:59
|2 MRF
|
| 080 |
|
|
|a 597.2/.5(28)
|2 MRF
|
| 080 |
|
|
|a 597.2/.5(213.5)
|2 MRF
|
| 080 |
|
|
|a 581.526.422(213.5)
|2 MRF
|
| 080 |
|
|
|a 597.2/.5
|2 MRF
|
| 080 |
|
|
|a 639.2.052.2
|2 MRF
|
| 080 |
|
|
|a 502.2
|2 MRF
|
| 080 |
|
|
|a (282.281.3)
|2 MRF
|
| 080 |
|
|
|a (8-191.2)
|2 MRF
|
| 080 |
|
|
|a (048.8)
|2 MRF
|
| 080 |
|
|
|a (084.12)
|2 MRF
|
| 100 |
1 |
|
|a Šebela, Miroslav,
|d 1951-
|7 jn20000402801
|4 aut
|4 pht
|
| 245 |
1 |
0 |
|a Za rybami Amazonie /
|c Miroslav Šebela, Antonín Prouza
|
| 250 |
|
|
|a Vydání první
|
| 264 |
|
1 |
|a Brno :
|b Moravské zemské muzeum,
|c 2021
|
| 300 |
|
|
|a 247 stran :
|b barevné ilustrace ;
|c 34 cm
|
| 336 |
|
|
|a text
|b txt
|2 rdacontent
|
| 336 |
|
|
|a statický obraz
|b sti
|2 rdacontent
|
| 337 |
|
|
|a bez média
|b n
|2 rdamedia
|
| 338 |
|
|
|a svazek
|b nc
|2 rdacarrier
|
| 504 |
|
|
|a Obsahuje bibliografii a rejstřík
|
| 546 |
|
|
|a Anglické resumé
|
| 648 |
|
4 |
|a 1992-2019
|
| 648 |
|
7 |
|a 20.-21. století
|7 ch462155
|2 czenas
|
| 650 |
0 |
7 |
|a zoologické expedice
|7 ph116786
|z Jižní Amerika
|y 20.-21. století
|2 czenas
|
| 650 |
0 |
7 |
|a sladkovodní ryby
|7 ph116170
|z Jižní Amerika
|2 czenas
|
| 650 |
0 |
7 |
|a tropické ryby
|7 ph116491
|z Jižní Amerika
|2 czenas
|
| 650 |
0 |
7 |
|a tropické deštné lesy
|7 ph116488
|z Jižní Amerika
|2 czenas
|
| 650 |
0 |
7 |
|a ichtyologie
|7 ph114749
|2 czenas
|
| 650 |
0 |
7 |
|a sladkovodní rybolov
|7 ph135033
|z Jižní Amerika
|2 czenas
|
| 650 |
0 |
9 |
|a zoological expedition
|z South America
|y 20th-21st centuries
|2 eczenas
|
| 650 |
0 |
9 |
|a freshwater fishes
|z South America
|2 eczenas
|
| 650 |
0 |
9 |
|a tropical fishes
|z South America
|2 eczenas
|
| 650 |
0 |
9 |
|a tropical rain forests
|z South America
|2 eczenas
|
| 650 |
0 |
9 |
|a ichtyology
|2 eczenas
|
| 650 |
0 |
9 |
|a freshwater fishing
|z South America
|2 eczenas
|
| 651 |
|
7 |
|a Amazonka (řeka : povodí)
|7 ge1141343
|2 czenas
|
| 651 |
|
7 |
|a Amazonka (řeka : oblast)
|7 ge134016
|x přírodní poměry
|2 czenas
|
| 651 |
|
9 |
|a Amazon River Basin
|2 eczenas
|
| 651 |
|
9 |
|a Amazon River Valley
|x natural conditions
|2 eczenas
|
| 655 |
|
7 |
|a monografie
|7 fd132842
|2 czenas
|
| 655 |
|
7 |
|a fotografické publikace
|7 fd132276
|2 czenas
|
| 655 |
|
9 |
|a monographs
|2 eczenas
|
| 655 |
|
9 |
|a photographical works
|2 eczenas
|
| 700 |
1 |
|
|a Prouza, Antonín,
|d 1951-
|7 xx0257412
|4 aut
|4 pht
|
| 910 |
2 |
|
|a BOA001
|b 4-1484.629
|
| 990 |
|
|
|a BK
|
| 995 |
|
|
|a 01
|
| 991 |
|
|
|b 202205
|c NOV
|
| 996 |
6 |
|
|b 2610900541
|c 4-1484.629
|l MZK
|r Sklad / do 1 hodiny
|n 0
|p p.v.
|w 001884296
|u 000010
|a 1
|e BOA001
|j MZK50
|s P
|
| 996 |
7 |
|
|b 2610900542
|c 4-1484.629
|l MZK
|r Sklad / do 1 hodiny
|n 0
|p p.v.
|w 001884296
|u 000020
|a 1
|e BOA001
|j MZK50
|s A
|